Cuba como país de inmigración (Record no. 168754)
[ view plain ]
| 000 -LEADER | |
|---|---|
| campo de control de longitud fija | 00726nam a2200169 i 4500 |
| 001 - NÚMERO DE CONTROL | |
| campo de control | 168754 |
| 003 - IDENTIFICADOR DE NÚMERO DE CONTROL | |
| campo de control | ES-MaACL |
| 005 - FECHA Y HORA DE LA ÚLTIMA TRANSACCIÓN | |
| campo de control | 20230906213858.0 |
| 008 - DATOS DE LONGITUD FIJA--INFORMACIÓN GENERAL | |
| campo de control de longitud fija | 080602s1910 sp |||| | spa d |
| 100 1# - ENTRADA PRINCIPAL--NOMBRE DE PERSONA | |
| Nombre de persona | Labra y Martínez, Rafael María de, |
| Fechas asociadas al nombre | n. 1886 |
| 9 (RLIN) | 69276 |
| 245 10 - MENCIÓN DEL TÍTULO | |
| Título | Cuba como país de inmigración |
| Resto del título | : memoria [dedicada al Congreso de Emigración que celebró sus sesiones en Santiago de Galicia en Septiembre de 1909] / |
| Mención de responsabilidad, etc. | Rafael Mª de Labra y Martínez. |
| 260 ## - PUBLICACIÓN, DISTRIBUCIÓN, ETC. | |
| Lugar de publicación, distribución, etc. | Madrid : |
| Nombre del editor, distribuidor, etc. | [s.n.], |
| Fecha de publicación, distribución, etc. | 1910 ( |
| Fabricante | Tip. de Alfredo Alonso) |
| 300 ## - DESCRIPCIÓN FÍSICA | |
| Extensión | 47 p. ; |
| Dimensiones | 22 cm. |
| 651 #4 - PUNTO DE ACCESO ADICIONAL DE MATERIA--NOMBRE GEOGRÁFICO | |
| Nombre geográfico | Cuba- |
| Subdivisión general | Inmigración. |
| 9 (RLIN) | 8109 |
| 852 1# - LOCALIZACIÓN | |
| Ubicación | BA |
| Número de control de estantería | T-1217-F-8 |
| Nota libre | .- Enc. en un vol. facticio conservando la cub. original |
| Estatus retirado | Estado de pérdida | Estado de daño | No para préstamo | Colección | Biblioteca de origen | Biblioteca actual | Ubicación en estantería | Fecha de adquisición | Fuente de adquisición | Total de préstamos | Signatura topográfica completa | Código de barras | Visto por última vez | Precio de reemplazo | Tipo de ítem Koha |
|---|---|---|---|---|---|---|---|---|---|---|---|---|---|---|---|
| Colección de folletos | Biblioteca del Ateneo de Madrid | Biblioteca del Ateneo de Madrid | Depósito folletos | 02/06/2008 | T-1217-F-8 | 1177094 | 23/02/2023 | 23/02/2023 | Folleto |
